[Event "CRO-ch U13"]
[Site "Trogir"]
[Date "2016.06.22"]
[Round "3"]
[White "Mazuran, Gabrijel"]
[Black "Viduka, Kristijan"]
[Result "1-0"]
[WhiteElo "1656"]
[BlackElo "1344"]
[PlyCount "63"]
[EventDate "2016.06.21"]
[EventType "swiss"]
[EventRounds "9"]
[EventCountry "CRO"]
[SourceTitle "EXT 2017"]
[Source "ChessBase"]
[SourceDate "2016.10.25"]
[SourceVersion "1"]
[SourceVersionDate "2016.10.25"]
[SourceQuality "1"]

1. d4 d5 2. c4 dxc4 3. e3 Nc6 4. Bxc4 Nf6 5. Nf3 Bg4 6. Qb3 e6 7. Qxb7 Ne7 8. Bb5+ Nd7 9. Ne5 Qb8 10. Bxd7+ Kd8 11. Qxb8+ Rxb8 12. Nxg4 Kxd7 13. Ne5+ Ke8 14. Nc3 f6 15. Nd3 Ng6 16. 0-0 Bd6 17. e4 Kf7 18. f4 f5 19. Ne5+ Bxe5 20. fxe5 Ne7 21. Bg5 Nc6 22. Rad1 Kg6 23. Bc1 Rhf8 24. exf5+ exf5 25. e6 Rbe8 26. d5 Nb4 27. Bf4 Nc2 28. a3 Kf6 29. Rf2 g5 30. Bxc7 Ne3 31. Re1 Ng4 32. Rfe2 1-0